Rasskazy ob uchenykh /

Saved in:
Bibliographic Details
Main Author: Lishevskii, Volodar Petrovich
Other Authors: Grigorian, A. T. (Ashot Tigranovich)
Format: Book
Language:Russian
Published: Moskva : "Nauka", 1986.
Series:Seriia Istoriia nauki i tekhniki
Subjects:
LEADER 01075nam a2200277 a 4500
001 c000012440
003 CARM
005 00000000000000.0
008 880415s1986 rurfac b 00110cruso
019 1 |a 5849575  |5 LACONCORD2021 
020 |c 0.60rub 
035 |a (OCoLC)13900581  |5 LACONCORD2021 
050 0 0 |a Q141  |b .L685 1986 
100 1 |a Lishevskii, Volodar Petrovich. 
245 1 0 |a Rasskazy ob uchenykh /  |c V.P. Lishevskii ; otvetstvennyi redaktor A.T. Grigorian. 
260 |a Moskva :  |b "Nauka",  |c 1986. 
300 |a 166 p., [4] p. of plates :  |b ill., ports. ;  |c 21 cm. 
440 0 |a Seriia Istoriia nauki i tekhniki 
500 |a At head of title: Akademiia nauk SSSR. 
500 |a Includes index. 
504 |a Bibliography: p. [160]-[164] 
650 0 |a Scientists  |x Biography. 
700 1 |a Grigorian, A. T.  |q (Ashot Tigranovich) 
852 8 |b CARM  |h A2:AE27H0  |i A02735  |p 0199260  |f BK 
999 f f |i 317c39ef-fb63-52cb-a266-e0123dfbe697  |s 5c86bdb1-cd8b-55b6-95de-8b87432299a1 
952 f f |p Can circulate  |a CAVAL  |b CAVAL  |c CAVAL  |d CARM 1 Store  |e A02735  |f A2:AE27H0  |h Other scheme  |i book  |m 0199260